Groups of 5 - Statistics

General Stats
  • This quiz has been taken 629 times
    532 since last reset
  • The average score is 22 of 45
Answer Stats
Answer % Correct
Red
95%
Blue
94%
Yellow
94%
Black
93%
Green
93%
Norway
89%
Sweden
89%
Finland
88%
Iceland
87%
Denmark
86%
Indonesia
86%
India
84%
Iran
83%
Iraq
83%
Uzbekistan
82%
Turkmenistan
77%
Tajikistan
72%
Kazakhstan
68%
Kyrgyzstan
63%
Israel
58%
Honshu
57%
Hokkaido
46%
Random
40%
Prayer
37%
Kyushu
33%
Charity
28%
Shikoku
28%
Fasting
26%
Faith
25%
Pilgrimage to Mecca
24%
The Hitchhiker's Guide to the Galaxy
24%
Okinawa
23%
Flat
19%
Sharp
18%
Recent User-Created
17%
Highest-Rated
13%
Natural
13%
Double Flat
10%
Double Sharp
10%
By Tag
9%
The Restaurant at the End of the Universe
9%
All User-Created
8%
So Long, and Thanks for All the Fish
7%
Life, the Universe and Everything
3%
Mostly Harmless
3%
No matching quizzes found
Score Distribution
Percent of People with Each Score
Percentile by Number Answered
Your Score History
You have not taken this quiz since the last reset